Alternatívne bankové služby

Aktivity laureáta Nobelovej ceny za mier 2006 bangladéšskeho ekonóma M. Júnusa v oblasti mikropôžičiek. Pomoc chudobným. Mikroúvery určené tým, ktorí nemajú predpoklady na to, aby získali bankové úvery na rozbehnutie podnikania. Poskytovanie mikropôžičiek na Slovensku. Úvery od nelicencovaných spolo...

Descrizione completa

Salvato in:
Dettagli Bibliografici
Autore principale: Chovancová, Božena
Altri autori: Tkáčová, Daniela, 1954-
Natura: Capitolo di libro
Lingua:slovacco
Soggetti:
Tags: Aggiungi Tag
Nessun Tag, puoi essere il primo ad aggiungerne!!

MARC

LEADER 00000naa$a2200000$$$4500
001 0064414
005 20240502071744.8
041 0 |a slo 
044 |a SK 
245 1 0 |a Alternatívne bankové služby  |c Božena Chovancová, Dana Tkáčová 
520 |a Aktivity laureáta Nobelovej ceny za mier 2006 bangladéšskeho ekonóma M. Júnusa v oblasti mikropôžičiek. Pomoc chudobným. Mikroúvery určené tým, ktorí nemajú predpoklady na to, aby získali bankové úvery na rozbehnutie podnikania. Poskytovanie mikropôžičiek na Slovensku. Úvery od nelicencovaných spoločností. Problém úžery. Podmienky, za akých sa mikropôžičky poskytujú. 
610 2 0 |a financie 
610 2 0 |a banky 
610 2 0 |a pôžičky 
610 2 0 |a úver 
610 2 0 |a sadzby úrokové 
610 2 0 |a podnikanie malé 
610 2 0 |a podnikanie stredné 
100 1 |a Chovancová, Božena 
700 1 |a Tkáčová, Daniela, 1954-